Who benefits from demand-driven distribution of HIV/AIDS services? An analysis of the emerging CBO sector in Malawi (Record no. 82329)

000 -LEADER
fixed length control field 00450pab a2200157 454500
008 - FIXED-LENGTH DATA ELEMENTS--GENERAL INFORMATION
fixed length control field 180718b2009 xxu||||| |||| 00| 0 eng d
100 ## - MAIN ENTRY--PERSONAL NAME
Personal name Schou, Arild
245 ## - TITLE STATEMENT
Title Who benefits from demand-driven distribution of HIV/AIDS services? An analysis of the emerging CBO sector in Malawi
260 ## - PUBLICATION, DISTRIBUTION, ETC.
Date of publication, distribution, etc. 2009
300 ## - PHYSICAL DESCRIPTION
Extent p.155-66.
362 ## - DATES OF PUBLICATION AND/OR SEQUENTIAL DESIGNATION
Dates of publication and/or sequential designation May
650 ## - SUBJECT ADDED ENTRY--TOPICAL TERM
Topical term or geographic name entry element AIDS
773 ## - HOST ITEM ENTRY
Main entry heading Public Administration and Development
908 ## - PUT COMMAND PARAMETER (RLIN)
Put command parameter N
909 ## -
-- 82329
Holdings
Withdrawn status Lost status Damaged status Not for loan Permanent Location Current Location Date acquired Serial Enumeration / chronology Barcode Date last seen Price effective from Koha item type
        Indian Institute of Public Administration Indian Institute of Public Administration 2018-07-19 Volume no: 29, Issue no: 2 AR82789 2018-07-19 2018-07-19 Articles

Powered by Koha